000 00551nam a2200193 a 4500
005 20240227063620.0
008 991125s1977 mx 000 0 spa u
020 _a9688220760
035 _aUPN01000007485
049 _aCG
050 4 _aF1221 T9
_bP6.3
100 1 _aPozas, Ricardo,
_d1912-1994
_929875
245 1 0 _aChamula /
_cRicardo Pozas.
260 _aMéxico :
_bINI,
_c1977.
300 _a2 v. :
_bil.
440 0 _aINI.
_pClásicos de la antropología mexicana ;
_v1
650 7 _aTzotziles
_xVida social y costumbres
_2
_98412
905 _aLibro
999 _c7485
_d7485